Livestock, people and the environment

সংরক্ষণ করুন:
গ্রন্থ-পঞ্জীর বিবরন
বিন্যাস: গ্রন্থ
ভাষা:Undetermined
প্রকাশিত: Nairobi, Kenya International Livestock Research Institute 1998
বিষয়গুলি:
ট্যাগগুলো: ট্যাগ যুক্ত করুন
কোনো ট্যাগ নেই, প্রথমজন হিসাবে ট্যাগ করুন!
Thư viện lưu trữ: Trung tâm Học liệu Trường Đại học Cần Thơ
LEADER 00516nam a2200169Ia 4500
001 CTU_125799
008 210402s9999 xx 000 0 und d
082 |a 636 
082 |b L784 
245 0 |a Livestock, people and the environment 
260 |a Nairobi, Kenya 
260 |b International Livestock Research Institute 
260 |c 1998 
650 |a Livestock,Livestock,Livestock systems 
650 |x Ecology,Environmental aspects 
904 |i Hiếu 
980 |a Trung tâm Học liệu Trường Đại học Cần Thơ